Культурная жизнь в СССР. 1951-1965: хроника

Bibliografiset tiedot
Yhteisötekijä: Академия наук СССР (АН СССР) Институт истории СССР
Muut tekijät: Базанов С. Н. (составитель), Бодиско В. Х. (редактор), Жилина Н. П., Ким М. П.
Yhteenveto:Книга является продолжением фундаментального одноименного издания (1917-1927 гг., 1928-1941 гг., 1941-1950 гг.)
Kieli:venäjä
Julkaistu: Москва, Наука, 1979
Aiheet:
Aineistotyyppi: Kirja
KOHA link:https://koha.lib.tpu.ru/cgi-bin/koha/opac-detail.pl?biblionumber=96292

MARC

LEADER 00000nam0a2200000 4500
001 96292
005 20231031110454.0
035 |a (RuTPU)RU\TPU\book\103089 
090 |a 96292 
100 |a 20060512d1979 k y0rusy50 ca 
101 0 |a rus 
102 |a RU 
105 |a y z 001zy 
200 1 |a Культурная жизнь в СССР. 1951-1965  |e хроника  |f Академия Наук СССР; Институт истории СССР; сост. С. Н. Базанов, В. Х. Бодиско, Н. П. Жилина и др.; под ред. М. П. Ким 
210 |a Москва  |c Наука  |d 1979 
215 |a 679 с.  |d 24,8 см. 
300 |a Книга является продолжением фундаментального одноименного издания (1917-1927 гг., 1928-1941 гг., 1941-1950 гг.) 
320 |a Указатель имен: с. 638-655 
320 |a Указатель географических названий: с. 656-668 
320 |a Предметно-тематический указатель: с. 669-678. 
610 1 |a Россия 
610 1 |a СССР 
610 1 |a история 
610 1 |a культура 
610 1 |a культурная жизнь 
610 1 |a советская культура 
610 1 |a хроники 
610 1 |a 20 век 
686 |a Ч11г  |v LBC/SL-A  |2 rubbk 
702 1 |a Базанов  |b С. Н.  |4 220 
702 1 |a Бодиско  |b В. Х.  |4 220 
702 1 |a Жилина  |b Н. П.  |4 220 
702 1 |a Ким  |b М. П.  |4 340 
712 0 2 |a Академия наук СССР (АН СССР)  |b Институт истории СССР  |c (1968-1991)  |c (Москва)  |2 stltpush  |3 (RuTPU)RU\TPU\col\11069 
801 1 |a RU  |b 63413507  |c 20060512  |g PSBO 
801 2 |a RU  |b 63413507  |c 20080219  |g PSBO 
942 |c BK